El arte barroco
Uloženo v:
| Hlavní autor: | |
|---|---|
| Médium: | Kniha |
| Jazyk: | španělština |
| Vydáno: |
Madrid
Akal
1990
|
| Vydání: | 1a. ed |
| Edice: | El Arte y las Grandes Civilizaciones
|
| Témata: | |
| Tagy: |
Přidat tag
Žádné tagy, Buďte první, kdo vytvoří štítek k tomuto záznamu!
|
MARC
| LEADER | 00000cam a2200000 a 4500 | ||
|---|---|---|---|
| 001 | UCE0021 | ||
| 003 | CL-VaPUC | ||
| 008 | 131227e19900000sp |||||||||||||||||spa|d | ||
| 020 | |a 8476007213 | ||
| 082 | 0 | 4 | |a 709.032 |b BOT |2 21 |
| 100 | 0 | |a Bottineau, Yves |e author |9 572434 | |
| 245 | 1 | 3 | |a El arte barroco |
| 250 | |a 1a. ed | ||
| 300 | |a 614 p | ||
| 942 | |c BK | ||
| 945 | |d 20131227 10:32:00 |a dcastane | ||
| 260 | |a Madrid |b Akal |c 1990 | ||
| 650 | 0 | |a Arte barroco |9 265546 | |
| 650 | 0 | |a Historia del arte |9 314877 | |
| 583 | |a last modification |c 20131227 10:32:00 |k Rodrigo Vera | ||
| 490 | 0 | |a El Arte y las Grandes Civilizaciones | |
| 999 | |c 354342 |d 354340 | ||
| 952 | |0 0 |1 0 |3 erd |4 0 |6 709_032000000000000_BOT_1990 |7 0 |8 R |9 460130 |a BIBART |b BIBART |i 5037603 |l 2 |o 709.032 BOT 1990 |p 5037603 |r 2025-03-13 |s 2024-06-17 |w 2019-11-23 |y BK_R |z Catalogado en:20131227 |k ART | ||